| 000 | 00618nam a22001457a 4500 | ||
|---|---|---|---|
| 020 | _a978-0-143-41631-9 | ||
| 082 |
_a823 _bORW/G |
||
| 100 | _aOEWELL, GEORGE | ||
| 245 | _aANIMAL FARM | ||
| 260 |
_aHARYANA _bPENGUIN BOOKS _c2011 |
||
| 300 | _a95 | ||
| 520 | _aAnimal Farm is a beast fable, in the form of a satirical allegorical novella, by George Orwell, first published in England on 17 August 1945. It tells the story of a group of anthropomorphic farm animals who rebel against their human farmer, hoping to create a society where the animals can be equal, free, and happy. | ||
| 650 | _aSHORT STORY | ||
| 942 | _cBK | ||
| 999 |
_c6816 _d6816 |
||